Šesťdesiat rokov Filozofickej fakulty v Prešove (1959-2019)

Bibliographic Details
Other Authors: Ološtiak, Martin, 1978- (Editor)
Format: Book
Language:Slovak
PhysicalDescription:281 strán, 20 strán nečíslovaných obrazových príloh farebné ilustrácie, portréty 21 cm
Published: Prešov Filozofická fakulta Prešovskej univerzity v Prešove 2019
ISBN:9788055521862
Edition:Prvé vydanie
Series:Opera Facultatis
Subjects:

MARC

LEADER 00000cam a2200000 4500
001 vtls011872290
003 SK-MaSNL
005 20260301051815.0
008 210701s2019 xo ac grn 000 0 slo
015 |a SNBA2021/01 
020 |a 9788055521862  |q (brožované) 
035 |a urn:nbn:sk:snk-am00fg39 
035 |a urn:nbn:sk:snk-am3isfp 
035 |a 285D9D3B-7535-4019-9A4A-B8FADB24BB38 
040 |a SNK  |b slo  |c SNK  |e rda 
041 0 |a slo 
043 |a e-xo--- 
044 |a xo  |c SK 
072 7 |a 378  |x Vysoké školy  |2 konspekt 
080 |a 378.4  |2 2011 
080 |a 378.093.2  |2 2011 
080 |a 378.011.3-051  |2 2001 
080 |a 378  |2 2011 
080 |a (437.671)  |2 2011 
080 |a (048.8)  |2 2011 
080 |a (082.2)  |2 2011 
080 |a 37.093.5-029:1  |2 2011 
245 0 0 |a Šesťdesiat rokov Filozofickej fakulty v Prešove  |b (1959-2019)  |c Martin Ološtiak (editor) 
250 |a Prvé vydanie 
264 1 |a Prešov  |b Filozofická fakulta Prešovskej univerzity v Prešove  |c 2019 
300 |a 281 strán, 20 strán nečíslovaných obrazových príloh  |b farebné ilustrácie, portréty  |c 21 cm 
336 |a text  |b txt  |2 rdacontent 
337 |a bez média  |b n  |2 rdamedia 
338 |a zväzok  |b nc  |2 rdacarrier 
366 |e 400 kusov 
490 1 |a Opera Facultatis  |v 1/2019 
500 |a Obsahuje chronologický prehľad 
504 |a Obsahuje bibliografiu na strane 41 ; bibliografické odkazy 
610 2 7 |a Prešovská univerzita v Prešove.  |b Filozofická fakulta  |2 SNKKA  |9 179573 
648 7 |a 1959-2019  |2 SNKPH  |9 359641 
648 7 |a 20.-21. storočie  |2 SNKPH  |9 302531 
648 7 |a 20th-21st centuries  |2 SNKPHeng  |9 285312 
650 0 7 |a univerzity  |2 SNKPH  |9 22152 
650 0 7 |a fakulty vysokých škôl  |2 SNKPH  |9 162704 
650 0 7 |a filozofické fakulty  |2 SNKPH  |9 221054 
650 0 7 |a vysokoškolskí učitelia  |2 SNKPH  |9 66590 
650 0 7 |a vysokoškolské štúdium  |2 SNKPH  |9 4044 
650 0 7 |a Universities  |2 SNKPHeng  |9 265407 
650 0 7 |a Faculties of letters  |2 SNKPHeng  |9 266182 
650 0 7 |a Universities and colleges Faculty  |2 SNKPHeng  |9 265901 
650 0 7 |a College teachers  |2 SNKPHeng  |9 267441 
650 0 7 |a College study  |2 SNKPHeng  |9 265848 
651 7 |a Prešov (Slovensko)  |2 SNKPHgeo  |9 17347 
651 7 |a Prešov (Slovakia)  |2 SNKPHeng  |9 267943 
655 7 |a prehľady  |2 SNKPH  |9 70194 
655 7 |a jubilejné publikácie  |2 SNKPH  |9 70339 
655 7 |a Surveys  |2 SNKPHeng  |9 266058 
655 7 |a Jubilee books  |2 SNKPHeng  |9 281827 
700 1 |a Ološtiak, Martin,  |d 1978-  |4 edt  |9 197928 
710 2 |a Prešovská univerzita v Prešove.  |b Filozofická fakulta  |4 pbl  |9 179573 
810 2 |a Prešovská univerzita v Prešove.  |b Filozofická fakulta  |t Opera Facultatis  |9 359642 
830 0 |a Opera Facultatis  |9 359643 
919 |a 978-80-555-2186-2 
958 |a OND 
958 |a NB 
999 |c 604321  |d 606251 
952 |a SNK  |b SNK  |y PREZ  |7 0  |p 17A1375929  |o snkSC 185327  |i snk2019/20707  |8 0  |0 0  |1 0  |4 0  |d 2019-08-13  |f 1  |l 0  |r 2026-02-23 16:04:37  |w 2026-02-23 
952 |a SNK  |b SNK  |y VYP  |7 0  |p 17A1375930  |o snkSC 185327 D1  |i snk2019/20708  |8 0  |0 0  |1 0  |4 0  |d 2019-08-13  |l 0  |r 2026-02-23 16:04:37  |w 2026-02-23